LEADER 00801nam0 2200265 450 001 000023728 005 20090302101258.0 100 $a20090302d1955----km-y0itay50------ba 101 1 $aita$ceng 102 $aIT 105 $aa-------001yy 200 1 $aMagnetismo$fEdmund C. Stoner 210 $aFirenze$cEd. Giuntine$dstampa 1955 215 $a205 p.$cill.$d17 cm 225 2 $aCollezione scientifica internazionale 410 0$12001$aCollezione scientifica internazionale 500 10$aMagnetism$m$944562 610 1 $aMagnetismo 676 $a538$v18$9Magnetismo 700 1$aStoner,$bEdmund C.$4070$014578 801 0$aIT$bUNIPARTHENOPE$c20090302$gRICA$2UNIMARC 912 $a000023728 951 $aS 538/10$bS A 281$cDSA$d2009 996 $aMagnetism$944562 997 $aUNIPARTHENOPE LEADER 01273nas 2200397- 450 001 9910418313703321 005 20210310042441.3 011 $a2635-4357 035 $a(OCoLC)1200848325 035 $a(CKB)4530000000000413 035 $a(CONSER)--2020243228 035 $a(EXLCZ)994530000000000413 100 $a20200818a20189999 o-- - 101 0 $aeng 135 $aur||||||||||| 181 $ctxt$2rdacontent 182 $cc$2rdamedia 183 $acr$2rdacarrier 200 00$aJournal of neurosonology and neuroimaging 210 1$aSeoul, Republic of Korea :$cKorean Society of Neurosonology,$d[2018]- 215 $a1 online resource 517 1 $aJNN 606 $aNervous System$xdiagnostic imaging 606 $aUltrasonography, Doppler, Transcranial 606 $aNeuroimaging 606 $aNervous System Diseases$xdiagnostic imaging 608 $aPeriodical. 615 12$aNervous System$xdiagnostic imaging. 615 22$aUltrasonography, Doppler, Transcranial. 615 22$aNeuroimaging. 615 22$aNervous System Diseases$xdiagnostic imaging. 712 02$aTaehan Sin'gy?ng Ch'o?mp'a Hakhoe, 906 $aJOURNAL 912 $a9910418313703321 996 $aJournal of neurosonology and neuroimaging$92033450 997 $aUNINA